Betriebswirtschaftliches Management öffentlicher Theater und Kulturorchester

Saved in:
Bibliographic Details
Main Author: Schugk, Michael
Format: Book
Language:German
Published: Wiesbaden Deutscher Universitäts Verlag 1996
Edition:1. Aufl.
Series:DUV Wirtschaftswissenschaft
Subjects:
Tags: Add Tag
No Tags, Be the first to tag this record!

MARC

LEADER 00000nam a2200000 4500
001 c017672
005 20221205125005.1
020 |a 3-8244-0297-1 
041 0 |a ger 
044 |a DE 
245 1 0 |a Betriebswirtschaftliches Management öffentlicher Theater und Kulturorchester  |c Michael Schugk 
250 |a 1. Aufl. 
264 1 |a Wiesbaden  |b Deutscher Universitäts Verlag  |c 1996 
300 |a 325 s. 
490 1 |a DUV Wirtschaftswissenschaft 
830 0 |a DUV Wirtschaftswissenschaft 
610 2 0 |a kultúra 
610 2 0 |a financovanie 
610 2 0 |a sektor štátny 
610 2 0 |a náklady 
610 2 0 |a tvorba cien 
610 2 0 |a subvencie 
610 2 0 |a príjmy 
610 2 0 |a výdavky 
610 2 0 |a manažment 
610 2 0 |a politika finančná 
610 2 0 |a sponzorovanie 
610 2 0 |a politika cenová 
610 2 0 |a modely 
610 2 0 |a produktivita práce 
610 2 0 |a problémy globálne 
610 2 0 |a štát 
610 2 0 |a riadenie podnikové 
610 2 0 |a umenie 
610 2 0 |a umelci 
610 2 0 |a kríza finančná 
610 2 0 |a Rakúsko 
610 2 0 |a Nemecko 
100 1 |a Schugk, Michael